000
00333 a2200145 4500
001
151807
040
_c
Escola São Tomás de Aquino
240
1
0
_a
As férias das sete meninas
_l
por
245
1
0
_a
As férias das sete meninas
300
_a
271
362
0
_a
2007
440
1
_a
Cortez
697
_a
*LITERATURA JUVENIL
942
_c
BK
999
_c
151807
_d
151807